000 00437nam a2200181Ia 4500
001 17719
005 20260306171537.0
008 260306s9999||||xx |||||||||||||| ||und||
041 _aESP
082 _a658.15
_bP12
100 _aPacheco Coello, Carlos E.
_eAUT
245 0 _aPresupuestos un enfoque gerencial
260 _c2016
300 _a419 páginas :
_c22 cm.
650 _aGEN
654 _aCAN
942 _cLIB
_dJUS
_fJUS
_2ddc
_n
999 _c17719
_d17719